000
00280nam a2200109Ia 4500
008
200302s9999 xx 000 0 und d
100
_a
Tiere Zeichnen
245
_a
How To Draw Animal Step-By-Step Comment Dessiner Des
260
_b
Booqs Publishing
260
_c
2010
300
_a
352
999
_c
4711
_d
4711